[Event "Senta op 18th"]
[Site "Senta"]
[Date "2014.07.24"]
[Round "7"]
[White "Atalik, Suat"]
[Black "Kosanovic, Goran A"]
[Result "1/2-1/2"]
[WhiteElo "2550"]
[BlackElo "2394"]
[Annotator "Atalik,S"]
[PlyCount "89"]
[EventDate "2014.07.19"]
[EventType "swiss"]
[EventRounds "9"]
[EventCountry "SRB"]
[SourceTitle "CBM 163"]
[Source "ChessBase"]
[SourceDate "2014.11.11"]
[SourceVersion "1"]
[SourceVersionDate "2014.11.11"]
[SourceQuality "1"]

1. d4 Nf6 2. c4 c5 3. d5 e5 4. Nc3 d6 5. e4 Be7 6. Nf3 Nbd7 7. g3 $5 {I have
decided for this plan against the Stara Pazova GM's trademark Czech Benoni.} ({
I am surprised that} 7. Nh4 $5 {has never been tried.} Nxd5 8. Nf5 Nxc3 9.
Nxg7+ Kf8 10. Ne6+ Ke8 11. bxc3 Qa5 12. Ng7+ Kd8 13. Nf5 Qxc3+ 14. Bd2 $44)
7... a6 8. a4 (8. a3 $142 $5 {Like in my game with Pascua, I had to be careful
about the closure.}) 8... b6 9. h4 $146 {Threatening h5.} (9. Nh4 $5 g6 10. Bh6
Bf8 11. Bd2) 9... h5 10. Be2 g6 11. Nd2 (11. a5 b5 12. cxb5 axb5 13. Bxb5 Rxa5
$11) 11... a5 $1 {Black is not very ambitious but White has to play very exact
now with both flanks shut.} 12. Nb5 Nb8 13. b3 ({I could not have found a good
spot for my rook after} 13. Ra3 Na6) 13... Na6 14. Bb2 Nb4 15. f3 ({I was not
fully aware of a tactical possibility using a1-h8 diagonal.} 15. O-O Bh3 16. f4
$3 Bxf1 17. Qxf1 Nd7 18. Nf3 f6 19. Qh3 Kf7 20. Rf1 Kg7 21. f5 Nc2 22. fxg6 Nf8
$13) 15... Bf8 16. Nb1 Bh6 17. N1c3 Ba6 (17... O-O 18. Bc1) 18. Bc1 Bxc1 19.
Qxc1 Bxb5 20. Nxb5 Qe7 21. Qd2 O-O-O 22. O-O-O Kb7 $6 (22... Ne8 23. Qg5 Qxg5+
24. hxg5 f6 25. f4 fxg5 26. fxg5 Nc7 27. Rdf1 Nxb5 28. axb5 Rdf8 29. Kd2 Kd8
$11) 23. Qg5 $1 {A nasty momentary pin.} Rhe8 24. Rdf1 Na6 25. Rf2 Nc7 26. Nc3
Nd7 27. Bf1 $6 {I had to exchange queens and try to open the position by f4.} (
27. g4 Nf6) (27. Qxe7 $142 Rxe7 28. Rhf1 Rh8 (28... Ne8 29. f4 exf4 30. gxf4
Ndf6 31. Bf3 $16) 29. f4 f6 $14) 27... Qf8 $1 (27... Qxg5+ 28. hxg5 f6 29. gxf6
(29. g4 hxg4 30. gxf6 $1 (30. fxg4 fxg5 31. Rh7 Kc8 $11) 30... g3 31. Rg2 Rh8
32. Rhg1 Rdf8 33. Rxg3 Rxf6 $132) 29... Nxf6 30. Bh3 g5 31. Bf5 $14) 28. g4 Qh8
29. gxh5 (29. Qe3 $142) 29... gxh5 30. Rg2 (30. Bh3 Nf6) 30... Rg8 31. Qe3 $5 (
31. Qe7 Qh6+ 32. Kc2 Rxg2+ 33. Bxg2 Qf6 34. Qxf6 Nxf6 35. Bh3 Rg8 $11) 31...
Rxg2 32. Bxg2 Rg8 33. Bh3 Nf8 34. Bf5 Ng6 35. Bxg6 $1 {The knight should be
eliminated.} (35. Ne2 $2 Nf4 $1 36. Rh2 Nxe2+ 37. Rxe2 Qg7 $17) 35... Rxg6 36.
Rg1 Qf6 37. Rg5 Rxg5 38. Qxg5 $1 {Also obligatory,} ({since} 38. hxg5 Qh8 $1
39. Kd2 h4 40. Qg1 h3 41. Qh2 Ne8 $40 {was very dangerous with the h-passer.})
38... Qxf3 39. Kd2 f6 (39... Kc8 40. Qe7 $11) 40. Qg7 Qf4+ (40... Kc8 41. Qe7
$11 (41. Qf8+ Kd7 42. Qf7+ Kd8 43. Qf8+ Ne8 44. Nb5 Qf2+ $11)) 41. Ke2 Qxh4 {
This capture was a surprise but it looked like anything would end up in a
perpetual.} (41... Qh2+ $11) 42. Nb5 (42. Qe7 Qh2+ 43. Kd3 Qg3+ 44. Kd2 Qf4+
45. Kc2 Qf2+ 46. Kc1 f5 47. Qxd6 Qe3+ 48. Kc2 fxe4 49. Qc6+ Kc8 $11) 42...
Qxe4+ 43. Kd2 ({No matter how many pawns up Black would be the queens exchange
should be avoided after} 43. Kf2 Qh4+ 44. Kg2 Qe4+ (44... Qg5+ $2 45. Qxg5 fxg5
46. Nxd6+ Kb8 47. Kg3 Na6 48. Ne4 $16) (44... Qg4+ $2 45. Qxg4 hxg4 46. Nxd6+
Kb8 47. Kg3 $16) 45. Kh2 Qh4+ $11) 43... Qf4+ 44. Kc2 (44. Ke2 Qe4+ $11 (44...
Qg4+ $2 45. Qxg4 hxg4 46. Nxd6+ Kb8 47. Kf2 $16)) 44... Qf2+ 45. Kb1 {I had to
accept his draw offer since I could not get rid of perpetual checks.} (45. Kb1
Qe1+ 46. Ka2 Qd2+ 47. Ka3 Qb4+ $11) 1/2-1/2

[Event "AUT-chT 9697"]
[Site "Austria"]
[Date "1996.??.??"]
[Round "1"]
[White "Chernin, Alexander"]
[Black "Bischoff, Klaus"]
[Result "1-0"]
[WhiteElo "2620"]
[BlackElo "2530"]
[Annotator "Balinov,I"]
[PlyCount "61"]
[EventDate "1996.??.??"]
[EventType "team"]
[EventRounds "11"]
[EventCountry "AUT"]
[SourceTitle "CBM 057 Extra"]
[Source "ChessBase"]
[SourceDate "1997.05.01"]
[SourceVersion "1"]
[SourceVersionDate "1997.05.01"]
[SourceQuality "1"]

1. d4 Nf6 2. c4 c5 3. d5 Ne4 4. Qc2 Qa5+ 5. Nd2 Nd6 6. b3 f5 7. Bb2 e6 8. Bc3
Qd8 9. e4 fxe4 (9... exd5 10. cxd5 fxe4 11. Nxe4) 10. Nxe4 exd5 11. cxd5 Nxe4 (
11... Qe7 12. Bd3 $32) 12. Qxe4+ Qe7 13. Qxe7+ Bxe7 (13... Kxe7 14. O-O-O d6
15. Nf3 $16) 14. Bxg7 Rg8 15. Bc3 d6 16. g3 Bf5 17. O-O-O Nd7 18. Bd3 Rg5 (
18... Bxd3 $142 19. Rxd3 c4 20. bxc4 Rc8 21. Rd4 Nb6) 19. h4 Rh5 20. Be2 Rh6
21. g4 Be4 22. f3 Bg6 23. h5 Bg5+ (23... Bf7 $2 24. f4) 24. Kb2 Bf7 25. Nh3 Bf6
26. Bxf6 Rxf6 27. Ng5 Ke7 (27... h6 28. Ne4 Rf4 29. Nxd6+) 28. Nxh7 Rf4 29. Ng5
Rg8 30. Nh3 Rf6 31. f4 1-0

[Event "EU-chT (Men) 10th"]
[Site "Debrecen"]
[Date "1992.11.??"]
[Round "8.4"]
[White "Alterman, Boris"]
[Black "Miles, Anthony John"]
[Result "1-0"]
[WhiteElo "2515"]
[BlackElo "2565"]
[Annotator "Bulletin"]
[PlyCount "160"]
[EventDate "1992.11.20"]
[EventType "team-swiss"]
[EventRounds "9"]
[EventCountry "HUN"]
[SourceTitle "EU-chT"]
[Source "ChessBase"]
[SourceDate "1999.07.01"]
[SourceVersion "2"]
[SourceVersionDate "1999.07.01"]
[SourceQuality "1"]
[WhiteTeam "Israel"]
[BlackTeam "England"]
[WhiteTeamCountry "ISR"]
[BlackTeamCountry "ENG"]

1. d4 Nf6 2. c4 c5 3. d5 e5 4. Nc3 d6 5. e4 Be7 6. h3 O-O 7. Be3 Na6 8. Bd3 (8.
a3) 8... Nc7 9. Qd2 Kh8 10. Nge2 Ng8 11. O-O a6 (11... h6 12. f4 exf4 13. Bxf4
Bf6 $14 (13... Bg5 14. e5 dxe5 15. Bxg5 hxg5 16. Ne4 $16)) 12. a3 h6 13. b4 b6
14. Rab1 Bg5 15. Rb2 Bxe3 16. Qxe3 Ra7 (16... Ne7 $142) 17. Rfb1 Ne7 18. Ng3 (
18. bxc5 bxc5 19. Rb8 Ra8 20. Bc2 Rxb8 21. Rxb8 Ne8 $14) 18... Ng6 19. Nce2 Qf6
20. Nf5 Bxf5 21. exf5 Nf4 (21... Ne7 22. Ng3 $16) 22. Nxf4 (22. Ng3 Qg5 23. Bf1
Ne8 24. bxc5 bxc5 25. Rb8 $16) 22... exf4 23. Qxf4 Ne8 24. bxc5 bxc5 25. Re2 (
25. Rb8 $1 g5 (25... Re7 26. Ra8 $18) (25... Kg8 26. Bc2 $16) 26. Qd2 Kg7 27.
Qb2 $5 $16) 25... Qd8 (25... Re7 $16 {[]}) 26. Bc2 Nf6 27. Ba4 Kg8 28. Bc6 (28.
Rbe1 $1 Rb7 29. Bc6 Rb3 30. a4 $18) 28... Re7 29. Rbe1 Rxe2 30. Rxe2 Qb8 31.
Kh2 Qc7 32. g4 (32. Qe3 Rb8 33. Qe7 Qxe7 34. Rxe7 Rb2 $132) 32... Nh7 33. Qe3
Qa5 34. f4 (34. Kg2 $1 Rb8 35. Qe7 $18) 34... Qd8 (34... Rb8 $2 35. g5 $18) 35.
Qe7 Qb8 36. g5 (36. Qb7 Qd8 37. Qxa6 Qf6 38. Bb5 g5 $44) (36. Bb7 $1 Nf6 (36...
Qa7 37. g5 hxg5 38. fxg5 Rb8 39. g6 $18) 37. g5 hxg5 (37... Re8 38. gxf6 $18) (
37... Nh5 38. gxh6 Nxf4 39. Qg5 $18) 38. fxg5 Nh5 39. Re4 $1 Qa7 40. Rh4 g6 (
40... Rb8 41. g6 $18) 41. fxg6 fxg6 42. Qe6+ Kg7 43. Rxh5 gxh5 44. Qh6+ Kg8 45.
Qg6+ Kh8 46. Qxh5+ Kg7 47. Qh6+ Kg8 48. Bc8 $18) 36... Qb3 37. Rg2 (37. g6 Nf6
38. gxf7+ Rxf7 39. Qxd6 Qxc4 $132) (37. h4 $5 Qxc4 38. Qe4 $1 {פh7}) 37...
Qxc4 38. Qxd6 hxg5 39. fxg5 Qe4 40. f6 (40. Bd7 $1 c4 (40... Qe3 41. Qg3 Qe7
42. g6 $18) 41. g6 Nf6 42. gxf7+ Kh7 $1 43. Qg3 $3 Rxf7 44. Be6 Rb7 45. d6 $18)
40... g6 41. Qg3 c4 42. a4 a5 43. Rf2 Rd8 44. Qc7 Rf8 45. Qf4 Qb1 (45... Qe1 $5
46. h4 c3 47. Rc2 Qb1 $1 {/\ Rb8<=>}) 46. Qxc4 (46. h4 c3 47. Qc4 Qb4 48. Bb5
$14) 46... Nxg5 47. d6 Qb8 48. Qf4 Ne6 49. Qg3 Rd8 50. d7 (50. Rd2 Qb4 $1 $132)
50... Qxg3+ (50... Qb6 $2 51. Bb5 Nd4 52. Bc4 $16) 51. Kxg3 Nd4 52. Bb5 Nxb5
53. axb5 Rxd7 54. Ra2 Ra7 (54... Rd6 $1 55. Rxa5 Rxf6 56. Ra6 Rf5 57. b6 Kg7
58. b7 Rb5 59. Ra7 g5 $1 60. Kf3 Kg6 61. Ke4 f5+ 62. Kd4 f4 $10) 55. Ra4 Rb7 (
55... Kf8 56. Kf4 Ke8 57. Ke5 Kd7 58. Kd5 Kc7 59. Ke5 Kc8 60. b6 $18) 56. Rxa5
Rb6 57. Kf4 Rxf6+ 58. Ke5 Kg7 59. Kd5 Kh6 (59... Rf3 60. Ra4 Rxh3 61. b6 g5 62.
b7 Rb3 63. Kc6 Kg6 64. Ra5 Rxb7 65. Kxb7 g4 66. Kc6 $18) 60. Ra4 Kh5 (60... g5
61. Kc5 $18) (60... Kg5 61. Kc5 Rf5+ 62. Kc6 Rf6+ 63. Kc7 Rf3 64. h4+ $1 Kf6
65. Rc4 $1 $18) 61. Kc5 Rf5+ 62. Kc6 Rf6+ 63. Kc7 Rf3 64. Rb4 Rxh3 65. b6 Kg5
66. b7 Rh8 67. b8=Q Rxb8 68. Rxb8 Kf4 69. Kd6 g5 70. Rb4+ Kf5 71. Kd5 g4 72.
Kd4 Kf4 73. Kd3+ Kf3 74. Kd2 g3 75. Ke1 Kg2 76. Rf4 Kh2 77. Rxf7 g2 78. Rh7+
Kg3 79. Rg7+ Kf3 80. Rg8 g1=R+ 1-0

[Event "Tirnavia Reti Memorial-06"]
[Site "Trnava"]
[Date "1984.03.18"]
[Round "3"]
[White "Schmidt, Wlodzimierz"]
[Black "Podzielny, Karl Heinz"]
[Result "0-1"]
[WhiteElo "2485"]
[BlackElo "2405"]
[Annotator "Chekhov,V"]
[PlyCount "78"]
[EventDate "1984.03.16"]
[EventType "tourn"]
[EventRounds "13"]
[EventCountry "CZE"]
[EventCategory "8"]
[SourceTitle "MCL"]
[Source "ChessBase"]
[SourceDate "1999.07.01"]
[SourceVersion "1"]
[SourceVersionDate "1999.07.01"]
[SourceQuality "1"]

1. d4 Nf6 2. c4 c5 3. d5 e5 4. Nc3 d6 5. e4 Be7 6. Be2 (6. Bd3 $5) 6... O-O 7.
Nf3 Nbd7 8. O-O Ne8 9. a3 g6 10. Bh6 Ng7 11. Qd2 Nf6 12. Ne1 (12. b4 $5 b6 13.
Ne1 Kh8 14. bxc5 bxc5 15. f4 exf4 (15... Ng8 16. Bxg7+ Kxg7 17. fxe5 dxe5 18.
Nf3 Bd6 19. Nb5 $14 {Malich,B-Polugaevsky,L/La Habana/1966/}) 16. Bxf4 Nd7 17.
Nd3 $14 {Malich,B-Iansa,V/La Habana/1966/}) 12... Kh8 13. Nd3 $6 (13. f4 $5
exf4 14. Bxf4 Nd7 15. Nd3) 13... Ng8 14. Be3 f5 15. f4 exf4 16. Bxf4 g5 17. Be3
Bf6 $5 (17... f4 18. Bf2 Nf6 19. e5 dxe5 20. Nxc5 Bf5 21. Bd3) 18. e5 $6 (18.
exf5 Nxf5 19. Bf2 Bd4 20. Ne4 h6 $13) 18... dxe5 19. Nxc5 b6 20. Nb3 (20. Nd3
e4 {/\f4/}) 20... Re8 $17 21. c5 f4 22. Bf2 e4 23. Bd4 e3 24. Qd1 bxc5 25. Nxc5
Nf5 26. Bxf6+ Nxf6 27. Qd3 Qe7 $1 28. b4 Qe5 29. Rad1 Nd6 30. Qd4 $6 (30. Nb5
$5 Nxb5 31. Qxb5 Bg4 32. d6 Rad8 33. d7 Re7 34. Bxg4 Nxg4 35. Qe2 Nf6 (35... f3
36. gxf3) 36. Rd3 {/\37... Nd7 38.Rfd1/}) 30... Bg4 $1 31. Bxg4 Nxg4 32. Ne6
Rac8 33. Ne2 Rc2 $19 34. Qxe5+ (34. Qd3 $2 f3) 34... Nxe5 35. N2d4 (35. N6d4
Ra2 36. Ra1 Rd2 37. Rad1 Nec4 {/\Re5,Nb2/}) 35... Rb2 36. Rb1 (36. Nxg5 Rg8 $1
37. h4 h6 $19) 36... Rd2 37. Rfd1 Ne4 38. Rxd2 (38. Rbc1 $5 Nd3 (38... Kg8 $1)
39. Rxd2 exd2 40. Rd1 Nb2 41. Rxd2 Nxd2 42. d6 $13) 38... exd2 39. Rd1 Nc4 (
39... Nc4 40. Nb3 h6 {/\Kg7,Kf7,Ne3,Nc3 -+}) 0-1

[Event "Trencianske Teplice"]
[Site "Trencianske Teplice"]
[Date "1985.??.??"]
[Round "1"]
[White "Ftacnik, Lubomir"]
[Black "Mokry, Karel"]
[Result "1-0"]
[WhiteElo "2545"]
[BlackElo "2490"]
[Annotator "ChessBase"]
[PlyCount "61"]
[EventDate "1985.11.??"]
[EventType "tourn"]
[EventRounds "15"]
[EventCountry "CZE"]
[EventCategory "9"]
[SourceTitle "MCL"]
[Source "ChessBase"]
[SourceDate "1999.07.01"]
[SourceVersion "1"]
[SourceVersionDate "1999.07.01"]
[SourceQuality "1"]

1. d4 Nf6 2. c4 c5 3. d5 e5 4. Nc3 d6 5. e4 Be7 6. g3 O-O 7. Bh3 $1 Na6 (7...
Bxh3 8. Nxh3 Qd7 9. Ng5) (7... Nbd7 $5) 8. Bxc8 Qxc8 9. Nf3 Nc7 (9... Qh3 $6
10. Ng5 Qg2 11. Qf3 Qxf3 12. Nxf3 $14) 10. a4 a6 11. a5 (11. O-O $2 b5 12. axb5
axb5 13. Rxa8 Qxa8 14. cxb5 Qb7 (14... Qa5 $2 15. Nxe5 $1 dxe5 16. d6 Rd8 17.
dxc7 Qxc7 18. Qe2 $16) 15. Qd3 Rb8 $13) 11... Rb8 12. O-O b5 13. axb6 Rxb6 14.
Nd2 Qh3 $5 15. Qe2 Nh5 $2 (15... Rfb8) 16. Ra3 $1 Rfb8 (16... Bg5 $2 17. Na4
Rb4 18. f4 exf4 19. gxf4 (19. g4 $2 f3) 19... Nxf4 20. Rxf4 Qd7 21. Qg4 $1 $18)
17. Nd1 $1 g6 18. f4 Qd7 (18... exf4 19. g4 f3 20. Qxf3 Qxf3 21. Raxf3 Ng7 22.
Rxf7 $18) 19. fxe5 dxe5 20. Nf2 Nf6 21. Nd3 Qd6 22. Qf2 R6b7 23. b3 Rf8 24. Ra5
Qb6 25. Nxe5 $1 (25. Rxc5 $2 Ng4 26. Rc6 Qxc6 27. dxc6 Nxf2 28. Rxf2 Rb6 $13) (
25. Ra4 Nd7 $16) 25... Ng4 (25... Qxa5 26. Nc6 Qa1 27. Nxe7+ Kg7 28. Ba3 Qd4
29. Bxc5 $18) 26. Nxg4 Qxa5 27. e5 Ne8 28. Ne4 Rxb3 29. d6 Bd8 30. Nh6+ Kg7 31.
Qxf7+ $1 1-0

[Event "Rubinstein Memorial-14"]
[Site "Polanica Zdroj"]
[Date "1976.08.21"]
[Round "14"]
[White "Knaak, Rainer"]
[Black "Maciejewski, Andrzej"]
[Result "1-0"]
[WhiteElo "2520"]
[BlackElo "2355"]
[Annotator "ChessBase"]
[PlyCount "67"]
[EventDate "1976.08.06"]
[EventType "tourn"]
[EventRounds "15"]
[EventCountry "POL"]
[EventCategory "9"]
[SourceTitle "MCL"]
[Source "ChessBase"]
[SourceDate "1999.07.01"]
[SourceVersion "1"]
[SourceVersionDate "1999.07.01"]
[SourceQuality "1"]

1. d4 Nf6 2. c4 c5 3. d5 e5 4. Nc3 d6 5. e4 Be7 6. Be2 Nbd7 7. a3 Nf8 8. b4 b6
9. g3 h6 10. h4 $1 Bd7 11. Be3 Qc8 12. Qc2 Ng4 (12... N8h7 {/\ 13..0-0}) 13.
Bd2 f5 $2 14. Bd3 fxe4 (14... g6 15. h5 $1) (14... f4 $5 15. gxf4 exf4 16. Bxf4
Ng6 17. Bg3 N6e5 $13) 15. Nxe4 Nf6 16. Kf1 N8h7 17. bxc5 bxc5 18. Ng5 $5 (18.
Nc3) 18... e4 $2 (18... hxg5 19. Bg6+ $1 Kf8 20. hxg5 Kg8 $14) 19. Nxe4 O-O 20.
Ng5 $5 (20. Nc3) 20... Nxg5 21. hxg5 Ng4 22. Bh7+ Kh8 23. f3 Bxg5 $1 24. Bxg5
hxg5 25. Re1 Ne5 $2 (25... Qd8 $1 26. Bf5+ Nh6 27. Bxd7 Qxd7 28. Qg6 $14 (28.
Re6 $5 Rae8 29. Rexh6+ gxh6 30. Rxh6+ Kg8 31. Rg6+ (31. Qg6+ Qg7 32. Qh5 Qa1+
33. Kg2 Rf7 $132 34. f4) 31... Kf7 32. Rxg5 Rh8 $1 33. Qg6+ Ke7 34. Qg7+ Kd8))
(25... Rf6 $2 26. Re7 Nh6 27. Bg6 Qd8 28. Rxh6+ $1 gxh6 29. Rh7+ Kg8 30. Bf7+
Kf8 31. Rh8+ Kxf7 32. Qh7#) 26. Rxe5 $1 dxe5 27. Bg6+ Kg8 28. Qh2 $1 (28. Rh8+
Kxh8 29. Qh2+ Bh3+ 30. Nxh3 Rxf3+ 31. Kg2 $1 $18) 28... Bh3+ 29. Nxh3 Qa6 30.
Bh7+ $1 Kxh7 (30... Kf7 31. Nxg5+ Ke7 32. Qh4) 31. Nxg5+ Kg6 32. Qh7+ $1 Kf6 (
32... Kxg5 33. Rh5+ Kf6 34. Rf5+ Ke7 35. Qxg7+ Kd6 36. Rf6+ $18) 33. Rh6+ gxh6
34. Ne4# 1-0

[Event "Interzonal-14c"]
[Site "Zagreb"]
[Date "1987.??.??"]
[Round "10"]
[White "Barlov, Dragan"]
[Black "Miles, Anthony John"]
[Result "1-0"]
[WhiteElo "2555"]
[BlackElo "2585"]
[Annotator "Ftacnik,L"]
[PlyCount "101"]
[EventDate "1987.08.01"]
[EventType "tourn"]
[EventRounds "17"]
[EventCountry "YUG"]
[EventCategory "12"]
[SourceTitle "CBM 004"]
[Source "ChessBase"]
[SourceDate "1988.06.01"]
[SourceVersion "1"]
[SourceVersionDate "1988.06.01"]
[SourceQuality "1"]

1. d4 Nf6 2. c4 c5 3. d5 e5 4. Nc3 d6 5. e4 Be7 6. g3 O-O 7. Bg2 Ne8 8. Nge2
Na6 9. a3 $5 (9. O-O) 9... Bd7 10. O-O Nec7 11. Re1 b5 12. cxb5 Nxb5 13. Nxb5
Bxb5 14. Nc3 Bd7 15. Bf1 $14 Nc7 (15... Qb6 16. Rb1 Nc7 17. b4 $16) 16. b4 cxb4
17. axb4 Bg5 (17... Qb8 18. Bd2 $1 Nb5 (18... Qxb4 19. Nb5 $18) 19. Nxb5 Bxb5
20. Bxb5 Qxb5 21. Ra5 Qb7 22. Qa4 $16) 18. b5 Bxc1 19. Qxc1 Qe7 $2 (19... Qb8
20. Qa3 $1 (20. Ra5 Qb6 21. Qa3 Rfb8 22. Ra1 Rb7 $16) 20... Nxb5 (20... Qb6 21.
Na4 $18) 21. Bxb5 Bxb5 22. Nxb5 Qxb5 23. Qxd6 $18) 20. Qe3 $18 Rab8 21. Rxa7
Na8 22. Rb1 (22. Bh3 Nb6 23. Bxd7 Nxd7 24. b6 Qd8 (24... Rxb6 25. Rxd7 $18) 25.
b7 Nc5 26. Rb1 Qc7 $16) 22... Nb6 23. Na4 Nc8 24. Ra6 f5 25. exf5 Bxf5 26. Rc1
Bd7 27. Nb6 Nxb6 28. Rxb6 Rbc8 29. Rxc8 Bxc8 30. Rc6 Bb7 31. b6 Qf6 (31... Bxc6
32. dxc6 $18) 32. Bc4 Qg6 33. Bd3 Qf6 34. Be4 Bc8 35. Kg2 Bf5 36. Bxf5 Qxf5 37.
b7 $2 (37. Rxd6) 37... Qf7 38. Rxd6 Qxb7 39. Qxe5 Qa7 40. Qe6+ Kh8 41. Qe3 Qb7
42. Rc6 h6 43. Qd4 Qb3 44. Rxh6+ Kg8 45. Rg6 Qf3+ 46. Kg1 Rf7 47. Ra6 Rb7 48.
Ra8+ Kh7 49. Ra1 g5 50. d6 Qf5 51. Rd1 1-0

[Event "Bad Zwesten op"]
[Site "Bad Zwesten"]
[Date "2008.01.07"]
[Round "8"]
[White "Sorm, Daniel"]
[Black "Bischoff, Klaus"]
[Result "0-1"]
[WhiteElo "2330"]
[BlackElo "2537"]
[Annotator "Gutman,L"]
[PlyCount "68"]
[EventDate "2008.01.02"]
[EventType "swiss"]
[EventRounds "9"]
[EventCountry "GER"]
[SourceTitle "CBM 123"]
[Source "ChessBase"]
[SourceDate "2008.04.02"]
[SourceVersion "1"]
[SourceVersionDate "2008.04.02"]
[SourceQuality "1"]

1. d4 Nf6 2. c4 c5 3. d5 e5 4. Nc3 d6 5. e4 Be7 6. Bd3 Nbd7 7. Nge2 h5 8. O-O (
8. f3 h4 9. Be3 g6 10. Qd2 Kf8 11. a3 Kg7 $11 {ergab etwa gleiche Chancen in
Zhao Xue-Aronian, Beer Sheva 2005.}) 8... h4 9. a3 ({Nach} 9. f4 exf4 10. Bxf4
Ng4 11. Nb5 Nge5 12. h3 a6 $15 {stand Schwarz besser in Sande-Andersen,
Kopenhagen 2006.}) 9... Nh5 10. Be3 O-O 11. Qd2 Ndf6 12. f3 ({Auch} 12. h3 Nh7
13. b4 b6 14. Rab1 $14 {sieht freunlicher für Weiß aus.}) 12... Nh7 13. b4 b6
14. Rab1 g6 15. Bc2 Ba6 16. bxc5 bxc5 17. Nb5 Bc8 18. Ba4 ({Direkter wäre} 18.
f4 exf4 19. Nxf4 Nxf4 20. Bxf4 a6 21. Nc3 $14 {mit weißem Plus.}) 18... a6 19.
Nbc3 f5 20. f4 (20. exf5 Bxf5 21. Bc2 $14 {war gut genug, doch bereitet Weiß
ein Figuropfer vor.}) 20... exf4 21. Nxf4 Nxf4 22. Bxf4 g5 23. Be3 f4 24. Bxc5
dxc5 25. e5 Bf5 26. Rb7 $2 ({Eine falsche Entscheidung in kritischer Stellung.
Richtig war} 26. d6 $5 Bxb1 27. Qd5+ Kh8 28. Rxb1 Bxd6 29. exd6 Rb8 30. Rd1 f3
31. Qxc5 fxg2 32. Ne4 $14 {mit besserem Spiel.}) 26... g4 27. d6 Bg5 28. Qd5+
Kh8 29. e6 f3 30. e7 Qa5 31. exf8=Q+ Rxf8 32. Ne4 (32. Rf7 Rxf7 33. Qxf7 Qxc3
34. Qxf5 Qe3+ 35. Kh1 Qe2 $19) ({und bleibt also} 32. gxf3 Qxc3 33. Rb3 Qg7 34.
Kh1 g3 35. Rg1 Bf4 $17 {als das kleinere Übel.}) 32... Be3+ 33. Kh1 $2 (33. Nf2
Bd4 $17) 33... fxg2+ 34. Kxg2 Bxe4+ 0-1

[Event "GER-GRE"]
[Site "Fuerth"]
[Date "2002.09.01"]
[Round "2"]
[White "Buhmann, Rainer"]
[Black "Miladinovic, Igor"]
[Result "1-0"]
[WhiteElo "2527"]
[BlackElo "2503"]
[Annotator "Hecht,H"]
[PlyCount "141"]
[EventDate "2002.08.31"]
[EventType "team"]
[EventRounds "6"]
[EventCountry "GER"]
[SourceTitle "CBM 091"]
[Source "ChessBase"]
[SourceDate "2002.11.12"]
[SourceVersion "1"]
[SourceVersionDate "2002.11.12"]
[SourceQuality "1"]
[WhiteTeam "Germany"]
[BlackTeam "Greece"]
[WhiteTeamCountry "GER"]
[BlackTeamCountry "GRE"]

1. d4 Nf6 2. c4 c5 3. d5 e5 4. Nc3 d6 5. e4 Nbd7 6. g3 Be7 7. Bg2 Nf8 8. Nge2
Ng6 9. f3 Bd7 10. Be3 a6 11. a4 Qc8 12. h4 Nh5 13. Qd2 O-O 14. a5 f5 15. exf5
Bxf5 16. Na4 Bd8 17. f4 e4 18. Ra3 Rb8 19. Bf2 Qd7 20. Nb6 Bxb6 21. axb6 Rbe8
22. Re3 Nf6 23. b4 Ng4 24. bxc5 dxc5 25. Nc3 Rf6 26. O-O Nxe3 27. Bxe3 Rxb6 28.
Bxc5 Rc6 29. Qd4 Rcc8 30. Ba3 Bh3 31. h5 Bxg2 32. Kxg2 Ne7 33. Bxe7 Rxe7 34. h6
Qd6 35. Nxe4 Qxh6 36. f5 Rce8 37. f6 Rf7 38. Rf2 Ref8 39. d6 Qh5 40. Rf4 Qe2+
41. Rf2 Qh5 42. Rd2 Qg6 43. Rf2 gxf6 44. Qd5 Kh8 45. Rf5 b6 46. Qe6 Qg4 47. Nf2
Qg7 48. Ne4 a5 49. Nc3 Rd7 50. Na4 Qf7 51. Qxf7 Rfxf7 {[#] Erstaunlicherweise
gewinnt Weiß trotz des Minderbesitzes von Qualität und Bauer.} 52. Rd5 Rb7 53.
Kf3 Kg8 54. Ke4 Rg7 55. Rb5 f5+ $2 (55... Rxg3 $1 $17) 56. Ke5 h5 57. Nxb6 {
Ab hier spielt Weiß auf Gewinn.} f4 58. gxf4 a4 59. c5 (59. Nxa4 Rxb5+ 60. cxb5
h4 61. Nc5 h3 62. Ne4 h2 63. Nf2 Kf8 $19) 59... a3 60. Rb1 h4 61. Ra1 h3 62. c6
$5 (62. Nd5 $1 {[%cal Rc5c6]}) 62... Rxb6 63. d7 Rb5+ 64. Kf6 ({oder} 64. Kd6)
64... Rb8 65. c7 Rf8+ 66. Ke6 Rxd7 67. Kxd7 h2 68. c8=Q Rxc8 69. Kxc8 Kf7 70.
f5 Kf6 71. Rf1 $1 1-0